<?xml version="1.0" encoding="UTF-8"?>
<collection xmlns="http://www.loc.gov/MARC21/slim">
 <record>
  <leader>05626nam a2200337 a 4500</leader>
  <controlfield tag="001">kal3924</controlfield>
  <controlfield tag="003">Gr-AtHEAL</controlfield>
  <controlfield tag="005">20160425083154.0</controlfield>
  <controlfield tag="006">m        d        </controlfield>
  <controlfield tag="008">160413s2015    gr      s           gre|c</controlfield>
  <datafield tag="020" ind1=" " ind2=" ">
   <subfield code="a">9789606030390</subfield>
  </datafield>
  <datafield tag="040" ind1=" " ind2=" ">
   <subfield code="a">GR-AtHEAL</subfield>
   <subfield code="b">gre</subfield>
   <subfield code="c">GR-AtHEAL</subfield>
  </datafield>
  <datafield tag="082" ind1="0" ind2="4">
   <subfield code="a">572</subfield>
   <subfield code="2">23</subfield>
  </datafield>
  <datafield tag="100" ind1="1" ind2=" ">
   <subfield code="a">Γλυκός, Νικόλαος.</subfield>
   <subfield code="8">897</subfield>
  </datafield>
  <datafield tag="245" ind1="1" ind2="0">
   <subfield code="a">Μία μη μαθηματική εισαγωγή στην κρυσταλλογραφία πρωτεϊνών</subfield>
   <subfield code="h">[Ηλεκτρονικός πόρος] </subfield>
   <subfield code="c">Γλυκός, Νικόλαος ; Κριτικός αναγνώστης,Λεωνίδας, Δημήτριος ; Γραφιστική επιμέλεια,Παπαδόπουλος, Κυριακός ; Γλωσσική επιμέλεια,Κλαδά, Νεκταρία.</subfield>
  </datafield>
  <datafield tag="260" ind1=" " ind2=" ">
   <subfield code="a">Αθήνα :</subfield>
   <subfield code="b">Σύνδεσμος Ελληνικών Ακαδημαϊκών Βιβλιοθηκών,</subfield>
   <subfield code="c">c2015.</subfield>
  </datafield>
  <datafield tag="490" ind1=" " ind2=" ">
   <subfield code="a">Ακαδημαϊκά Ηλεκτρονικά Συγγράμματα και Βοηθήματα Κάλλιπος</subfield>
   <subfield code="8">40</subfield>
  </datafield>
  <datafield tag="520" ind1=" " ind2=" ">
   <subfield code="a">Η τεραστια πλειοψηφια των γνωστων δομων πρωτεινων και νουκλεικων οξεων -εικονες των οποιων εχουν κατακλυσει τα περισσοτερα συγγραμματα βιοχημειας, κυτταρικης και μοριακης βιολογιας- εχουν παραχθει με τη μεθοδο της κρυσταλλογραφιας ακτινων-Χ. Εξαιτιας του πλουσιου μαθηματικου υποβαθρου της μεθοδου, τα περισσοτερα συγγραματα αποφευγουν την παρουσιαση της μεθοδου, ή οταν το κανουν (για παραδειγμα, το τελευταιο κεφαλαιο απο το βιβλιο των Branden &amp; Tooze), η παρουσιαση ειναι καπως αποσπασματικη και επιφανειακη. Αποτελεσμα αυτων ειναι οτι οι φοιτητες μενουν με μια μαλλον μυστικιστικη αισθηση-αντιληψη για μια μεθοδο που ειναι το θεμελιο της συγχρονης μοριακης βιολογιας, κατι που θα μπορουσαν να το συνοψισουν ως εξης : &quot;... και ολη αυτη -η ατομικης διακριτικοτητας- πληροφορια για τη δομη και λειτουργια των πρωτεινων και των νουκλεικων εχει προκυψει απο κατι που λεγεται 'κρυσταλλογραφια' το οποιο ειναι τοσο μπερδεμενο και δυσκολο που καλυτερα να το αφησουμε εδω το θεμα&quot;. Στοχος αυτου του βιβλιου-βοηθηματος ειναι -αποφευγοντας επιμελως τα μαθηματικα- να δειξει τις βασικες αρχες της κρυσταλλογραφιας πρωτεινων, δηλαδη το φυσικο νοημα του κρυσταλλογραφικου πειραματος. Τα μοναδικα προαπαιτουμενα των πρωτων κεφαλαιων του βιβλιου ειναι να εχουν οι φοιτητες καποιες αναμνησεις απο τη φυσικη του λυκειου και σχεδον τιποτα αλλο. Στα υστεροτερα κεφαλαια του βιβλιου γινεται αναφορα σε λιγα μαθηματικα, αλλα και αυτο τοσο προσεκτικα και αργα ωστε να ενας αποφασισμενος φοιτητης βιολογικου τμηματος να μπορει να τα παρακολουθησει. Το βοηθημα αυτο _δεν_ στοχευει να ειναι ενα συγγραμμα κρυσταλλογραφιας πρωτεινων, και δεν προσπαθει να καλυψει τα παντα απο direct methods, μεχρι solvent flattening και real space averaging. Μοναδικη φιλοδοξια του βιβλιου ειναι να αφαιρεσει το μυστικισμο που καλυπτει τη μεθοδο και να δειξει με απλο τροπο την ουσια του κρυσταλλογραφικου πειραματος χωρις να τρομοκρατησει με την μαθηματικη κρυσταλλογραφια.</subfield>
  </datafield>
  <datafield tag="650" ind1=" " ind2="0">
   <subfield code="a">Crystallography</subfield>
   <subfield code="8">2365</subfield>
  </datafield>
  <datafield tag="650" ind1=" " ind2="0">
   <subfield code="a">Proteins</subfield>
   <subfield code="x">Structure</subfield>
   <subfield code="8">2366</subfield>
  </datafield>
  <datafield tag="653" ind1=" " ind2=" ">
   <subfield code="a">Δομική βιολογία</subfield>
  </datafield>
  <datafield tag="653" ind1=" " ind2=" ">
   <subfield code="a">Κρυσταλλογραφία πρωτεϊνών</subfield>
  </datafield>
  <datafield tag="653" ind1=" " ind2=" ">
   <subfield code="a">Επιστήμες της ζωής</subfield>
   <subfield code="a">Μοριακές βιοεπιστημες</subfield>
   <subfield code="a">Μοριακή βιολογία</subfield>
   <subfield code="a">Πρωτεομική</subfield>
  </datafield>
  <datafield tag="653" ind1=" " ind2=" ">
   <subfield code="a">Χημεία/Γενική χημεία</subfield>
   <subfield code="a">Χημεία μακρομοριών</subfield>
   <subfield code="a">Μακρομόρια</subfield>
  </datafield>
  <datafield tag="653" ind1=" " ind2=" ">
   <subfield code="a">Χημεία/Γενική χημεία</subfield>
   <subfield code="a">Βιοχημεία</subfield>
   <subfield code="a">Πρωτεΐνες</subfield>
  </datafield>
  <datafield tag="700" ind1="1" ind2=" ">
   <subfield code="a">Λεωνίδας, Δημήτριος;</subfield>
   <subfield code="e">Κριτικός αναγνώστης</subfield>
   <subfield code="8">898</subfield>
  </datafield>
  <datafield tag="856" ind1="4" ind2="0">
   <subfield code="u">http://hdl.handle.net/11419/3924</subfield>
   <subfield code="z">Πλήρες Κείμενο - Full text</subfield>
  </datafield>
  <datafield tag="907" ind1=" " ind2=" ">
   <subfield code="a">.b25680444</subfield>
   <subfield code="b">12-06-18</subfield>
   <subfield code="c">29-07-16</subfield>
  </datafield>
  <datafield tag="949" ind1=" " ind2=" ">
   <subfield code="0">0</subfield>
   <subfield code="1">0</subfield>
   <subfield code="2">ddc</subfield>
   <subfield code="4">0</subfield>
   <subfield code="6">572_000000000000000_ΓΛΥ</subfield>
   <subfield code="7">0</subfield>
   <subfield code="8">KALL</subfield>
   <subfield code="8">803</subfield>
   <subfield code="d">2016-04-13</subfield>
   <subfield code="r">2016-04-13</subfield>
   <subfield code="w">2016-04-13</subfield>
   <subfield code="z">572 ΓΛΥ</subfield>
   <subfield code="o">SEAB KALLIPOS</subfield>
  </datafield>
  <datafield tag="998" ind1=" " ind2=" ">
   <subfield code="a">80</subfield>
   <subfield code="a">01</subfield>
   <subfield code="a">02</subfield>
   <subfield code="a">03</subfield>
   <subfield code="a">04</subfield>
   <subfield code="a">05</subfield>
   <subfield code="a">06</subfield>
   <subfield code="a">07</subfield>
   <subfield code="a">08</subfield>
   <subfield code="a">09</subfield>
   <subfield code="a">10</subfield>
   <subfield code="a">11</subfield>
   <subfield code="a">12</subfield>
   <subfield code="a">13</subfield>
   <subfield code="a">14</subfield>
   <subfield code="a">15</subfield>
   <subfield code="a">16</subfield>
   <subfield code="a">17</subfield>
   <subfield code="a">18</subfield>
   <subfield code="a">19</subfield>
   <subfield code="a">20</subfield>
   <subfield code="a">21</subfield>
   <subfield code="a">22</subfield>
   <subfield code="a">23</subfield>
   <subfield code="a">24</subfield>
   <subfield code="a">25</subfield>
   <subfield code="a">26</subfield>
   <subfield code="b">16-05-17</subfield>
   <subfield code="c">m</subfield>
   <subfield code="d">z  </subfield>
   <subfield code="e">-</subfield>
   <subfield code="f">gre</subfield>
   <subfield code="g">gr </subfield>
   <subfield code="h">0</subfield>
  </datafield>
  <datafield tag="942" ind1=" " ind2=" ">
   <subfield code="2">ddc</subfield>
   <subfield code="c">KALLIPOS</subfield>
  </datafield>
 </record>
</collection>
